Manual de genética : tomo ii /
Guardado en:
| Autor Principal: | |
|---|---|
| Otros Autores: | , |
| Formato: | Libro |
| Publicado: |
Río Cuarto :
Universidad Nacional de Río Cuarto,
1998
|
| Materias: | |
| Etiquetas: |
Agregar Etiqueta
Sin Etiquetas, Sea el primero en etiquetar este registro!
|
| LEADER | 00895nam a22002055a 4500 | ||
|---|---|---|---|
| 001 | CEM.cems017745 | ||
| 008 | 130507s1998##################000#0#####d | ||
| 005 | 20221024115531.0 | ||
| 245 | 1 | 0 | |a Manual de genética : |b tomo ii / |c Víctor Ferreira, Beatriz Szpiniak y Ezequiel Grassi |
| 260 | |a Río Cuarto : |b Universidad Nacional de Río Cuarto, |c 1998 | ||
| 300 | |a 256 p. | ||
| 505 | 0 | |a Citoplasma y herencia -- Mutaciones genicas -- Mutaciones cromosómicas estructurales -- Mutaciones cromosómicas numericas -- Caracteres cualitativos en poblaciones -- Variación intraespecífica y evolución | |
| 020 | |a 9506653127 | ||
| 100 | 1 | |a Ferreira, Víctor | |
| 700 | 1 | |a Szpiniak, Beatriz | |
| 700 | 1 | |a Grassi, Ezequiel | |
| 082 | 0 | 4 | |a 575.1 |
| 653 | |a Genética | ||
| 859 | |a CEMS |b BIB. CEMS - Agricultura |h 575.1 |i F413 |p A3447.21 |t Ej.2 | ||
| 859 | |a CEMS |b BIB. CEMS - Agricultura |h 575.1 |i F413 |p A0660.06 |t Ej.1 |v II |3 II | ||
